000 00497nam a2200193Ia 4500
005 20140405074844.0
008 140130s9999 xx 000 0 und d
020 _a0439873118
050 _aPZ 7
_b.R39432Re 2006
100 _aRichardson, Charisse
_931057
245 _cCharisse Richardson.
_aThe real slum dunk /
260 _bScholastic,
_c2005.
_aUSA :
300 _a68 p. :
_bill. ;
_c22 cm.
440 _v1
_931058
521 _aG3
526 _c590
942 _cBK
_2lcc
999 _c40737
_d40737